00651cam a2200169 450000500170000000800410001702000150005805000230007310000280009624501760012425000170030026000430031730000220036065000300038265000290041270000400044120250912121427.0250709b ag |||||||| |||| 00| 0 spa d a950200528504aKHA5510 bF66 19891 aFontan Balestra, Carlos 0aDerecho penalb : parte especial c/ Carlos Fontan Balestra ; edición puesta al día sobre la base del tratado de derecho penal actualizado por Guillermo A. C. Ledesma. a12 edición aBuenos Aires :bAbeledo-Perrot, c1989 a1058 p. ;c24 cm. 4aDerecho penal zArgentina 72lembaDelitosxArgentina1 aLedesma , Guillermo, A.C., eeditor